000 00234nam a2200097Ia 4500
005 20250424112853.0
008 250424s9999 xx 000 0 und d
300 _a192 p. :ill. 25 cm.
650 _aEngineering--Periodicals.
942 _cSR
999 _c37612
_d37612